The number systems of elementary mathematics : counting, measurement, and coordinates /
Guardado en:
| Autor Principal: | |
|---|---|
| Formato: | Libro |
| Idioma: | English |
| Publicado: |
Reading, Mass. :
Addison-Wesley,
c1966.
|
| Series: | Addison-Wesley series in science and mathematics education
|
| Materias: | |
| Etiquetas: |
Agregar Etiqueta
Sin Etiquetas, Sea el primero en etiquetar este registro!
|
| LEADER | 00653nam a22001815a 4500 | ||
|---|---|---|---|
| 001 | MAT.inmabb004466 | ||
| 008 | 840713s1966####maua##########001#0#eng## | ||
| 005 | 20130327134839.0 | ||
| 245 | 1 | 4 | |a The number systems of elementary mathematics : |b counting, measurement, and coordinates / |c Edwin E. Moise. |
| 260 | |a Reading, Mass. : |b Addison-Wesley, |c c1966. | ||
| 300 | |a viii, 246 p. : |b il. ; |c 25 cm. | ||
| 440 | 0 | |a Addison-Wesley series in science and mathematics education | |
| 100 | 1 | |a Moise, Edwin E. | |
| 084 | |a 00A05 (03B30) |2 msc2000 | ||
| 650 | 0 | |a Numeration. | |
| 010 | |a 65022021 | ||
| 040 | |a DLC/ICU |c ICU |d DLC | ||
| 859 | |h 00A05 |i M714 |p A-2574 |b BIB. MATEMATICA | ||
